000 00341nam a2200121Ia 4500
008 220217s9999||||xx |||||||||||||| ||und||
082 _a321.381 5
100 _aNational semiconductor
245 0 _aLinear integreted circuits for analog signal processing
260 _aHarres company
_bUSA
_c1996
300 _b795
650 _aCIRCUITRY
999 _c166158
_d166158